Income tax: (Record no. 11405)

MARC details
000 -LEADER
fixed length control field 00614nam a22002177a 4500
005 - DATE AND TIME OF LATEST TRANSACTION
control field 20220926153037.0
008 - FIXED-LENGTH DATA ELEMENTS--GENERAL INFORMATION
fixed length control field 220926b ||||| |||| 00| 0 eng d
020 ## - INTERNATIONAL STANDARD BOOK NUMBER
International Standard Book Number 9789353594428
040 ## - CATALOGING SOURCE
Original cataloging agency IN-DiNC
Transcribing agency IN-DiNC
041 ## - LANGUAGE CODE
Language code of sung or spoken text English
082 ## - DEWEY DECIMAL CLASSIFICATION NUMBER
Classification number 336.24
Item number GAU
100 ## - MAIN ENTRY--PERSONAL NAME
Personal name Gaur, VP
Relator term Author
245 ## - TITLE STATEMENT
Title Income tax:
Remainder of title law and practice/
Statement of responsibility, etc. by VP Gaur, Rajeev Puri and Puja Gaur
250 ## - EDITION STATEMENT
Edition statement 4th rev. ed.
260 ## - PUBLICATION, DISTRIBUTION, ETC.
Place of publication, distribution, etc. Ludhiana:
Name of publisher, distributor, etc. Kalyani publishers,
Date of publication, distribution, etc. 2022.
300 ## - PHYSICAL DESCRIPTION
Extent 18.47p.
650 ## - SUBJECT ADDED ENTRY--TOPICAL TERM
Topical term or geographic name entry element Basic concept of income tax
700 ## - ADDED ENTRY--PERSONAL NAME
Personal name Puri, Rajeev
Relator term Author
700 ## - ADDED ENTRY--PERSONAL NAME
Personal name Gaur, Puja
Relator term Author
942 ## - ADDED ENTRY ELEMENTS (KOHA)
Source of classification or shelving scheme Dewey Decimal Classification
Koha item type Books
Holdings
Withdrawn status Lost status Source of classification or shelving scheme Damaged status Not for loan Collection code Home library Current library Shelving location Date acquired Cost, normal purchase price Total Checkouts Full call number Barcode Date last seen Date last checked out Copy number Price effective from Koha item type
    Dewey Decimal Classification     Commerce Naharkatiya College Library Naharkatiya College Library General Stacks 26/09/2022 495.00 15 336.24 GAU 29122 20/04/2026 11/04/2026 1 26/09/2022 Books

Naharkatiya College © 2020. All rights reserved.

Powered By